<?xml version="1.0" encoding="UTF-8"?><?xml-stylesheet type="text/xsl" href="static/style.xsl"?><OAI-PMH xmlns="http://www.openarchives.org/OAI/2.0/" xmlns:xsi="http://www.w3.org/2001/XMLSchema-instance" xsi:schemaLocation="http://www.openarchives.org/OAI/2.0/ http://www.openarchives.org/OAI/2.0/OAI-PMH.xsd"><responseDate>2026-06-02T12:04:18Z</responseDate><request verb="GetRecord" identifier="oai:riuma.uma.es:10630/19890" metadataPrefix="marc">https://riuma.uma.es/rest/oai/request</request><GetRecord><record><header><identifier>oai:riuma.uma.es:10630/19890</identifier><datestamp>2026-02-03T12:53:08Z</datestamp><setSpec>com_10630_5701</setSpec><setSpec>com_10630_3139</setSpec><setSpec>com_10630_10</setSpec><setSpec>col_10630_19874</setSpec></header><metadata><record xmlns="http://www.loc.gov/MARC21/slim" xmlns:dcterms="http://purl.org/dc/terms/" xmlns:doc="http://www.lyncode.com/xoai" xmlns:xsi="http://www.w3.org/2001/XMLSchema-instance" xsi:schemaLocation="http://www.loc.gov/MARC21/slim http://www.loc.gov/standards/marcxml/schema/MARC21slim.xsd">
   <leader>00925njm 22002777a 4500</leader>
   <datafield ind2=" " ind1=" " tag="042">
      <subfield code="a">dc</subfield>
   </datafield>
   <datafield ind2=" " ind1=" " tag="720">
      <subfield code="a">Jiménez Gutiérrez, María del Pilar</subfield>
      <subfield code="e">author</subfield>
   </datafield>
   <datafield ind2=" " ind1=" " tag="260">
      <subfield code="c">2019</subfield>
   </datafield>
   <datafield ind2=" " ind1=" " tag="520">
      <subfield code="a">El trabajo que aquí se presenta es el estudio de la Casa de Expósitos de Málaga y con él se pretende dar a conocer la historia de la institución que, desde 1573 hasta 1988, acogía a los niños abandonados de la ciudad y provincia. Está centrado en el marco cronológico del reinado de Carlos III debido a que en dicho periodo se adquirió una cierta preocupación por este colectivo. Se analiza la situación de los menores y el motivo de los abandonos a través de los Libros de Matrículas del establecimiento a la vez que se realiza una evaluación de la legislación promulgada por el monarca que permitirá hacer una valoración global del fenómeno en la ciudad y establecer las conclusiones de la investigación</subfield>
   </datafield>
   <datafield ind1="8" ind2=" " tag="024">
      <subfield code="a">Baética, 39, 2019, p. 219-250</subfield>
   </datafield>
   <datafield ind1="8" ind2=" " tag="024">
      <subfield code="a">https://hdl.handle.net/10630/19890</subfield>
   </datafield>
   <datafield ind1="8" ind2=" " tag="024">
      <subfield code="a">https://doi.org/10.24310/BAETICA.2019.v0i39.6855</subfield>
   </datafield>
   <datafield tag="653" ind2=" " ind1=" ">
      <subfield code="a">Expósitos - Historia - Málaga - 1573-1988</subfield>
   </datafield>
   <datafield tag="653" ind2=" " ind1=" ">
      <subfield code="a">Orfanatos - Historia - Málaga - 1573-1988</subfield>
   </datafield>
   <datafield ind2="0" ind1="0" tag="245">
      <subfield code="a">Los “hijos del pecado”: una aproximación a la Casa de Expósitos de Málaga en la segunda mitad de la centuria ilustrada</subfield>
   </datafield>
</record>
</metadata></record></GetRecord></OAI-PMH>